| 000 | 01018pam a2200337 a 4500 | ||
|---|---|---|---|
| 999 |
_c279 _d279 |
||
| 001 | 019492515 | ||
| 003 | UkOxU | ||
| 005 | 20190805094626.0 | ||
| 008 | 120514s2012 iau 000 0 eng d | ||
| 015 |
_aGBB246832 _2bnb |
||
| 020 | _a9780071789578 (pbk.) : | ||
| 020 | _a007178957X (pbk.) : | ||
| 035 | _a(Uk)016086053 | ||
| 040 |
_aStDuBDS _beng _cStDuBDS _dUk |
||
| 041 | 0 |
_aeng _afre |
|
| 042 | _aukblcatcopy | ||
| 082 | 0 | 4 |
_a448.242 BOO _223 |
| 100 | 1 |
_aBooth, Trudie Maria. _eauthor |
|
| 245 | 1 | 0 |
_aFrench verb tenses / _cTrudie Maria Booth. |
| 250 | _a2nd ed. | ||
| 260 |
_aDubuque, Iowa : _bMcGraw-Hill ; _c2012. |
||
| 300 |
_axvii, 411 pages ; _c28 cm. |
||
| 490 | 0 | _aPractice makes perfect | |
| 500 |
_aFormerly CIP. _5Uk |
||
| 530 | _aAlso issued online. | ||
| 650 | 0 |
_aFrench language _xTense _vProblems, exercises, etc. |
|
| 650 | 0 |
_aFrench language _xTense. |
|
| 650 | 0 |
_aFrench language _vTextbooks for foreign speakers _xEnglish. |
|
| 942 |
_2ddc _cNFIC |
||